书目信息 |
| 题名: |
线性代数与几何
|
|
| 作者: | 刘吉佑 , 莫骄 编 | |
| 分册: | ||
| 出版信息: | 北京 北京邮电大学出版社 2012.8 |
|
| 页数: | 253页 | |
| 开本: | 23cm | |
| 丛书名: | ||
| 单 册: | ||
| 中图分类: | O151.2 , O182 | |
| 科图分类: | ||
| 主题词: | 线性代数 , 解析几何 | |
| 电子资源: | ||
| ISBN: | 978-7-5635-3141-7 | |
| 000 | 00798nam0 2200265 450 | |
| 001 | 0400003587 | |
| 005 | 20171022102718.0 | |
| 010 | @a978-7-5635-3141-7@dCNY33.00 | |
| 100 | @a20171022e20172012em y0chiy ea | |
| 101 | 0 | @achi |
| 102 | @aCN@b110000 | |
| 105 | @aak z 000yy | |
| 106 | @ar | |
| 200 | 1 | @a线性代数与几何@9xian xing dai shu yu ji he@f刘吉佑,莫骄编 |
| 210 | @a北京@c北京邮电大学出版社@d2012.8@h2017.7 | |
| 215 | @a253页@c图@d23cm | |
| 330 | @a本书共分为九章, 内容包括: 行列式、矩阵、向量代数、平面与直线、向量组的线性相关性、线性方程组等。 | |
| 606 | 0 | @a线性代数 |
| 606 | 0 | @a解析几何 |
| 690 | @aO151.2@v5 | |
| 690 | @aO182@v5 | |
| 701 | 0 | @a刘吉佑@9liu ji you@4编 |
| 701 | 0 | @a莫骄@9mo jiao@4编 |
| 801 | 0 | @aCN@b91MARC@c20171022 |
| 905 | @b1036301-5@dO151.2@f5@e379 | |
| 线性代数与几何/刘吉佑,莫骄编.-北京:北京邮电大学出版社,2012.8(2017.7) |
| 253页:图;23cm |
| ISBN 978-7-5635-3141-7:CNY33.00 |
| 本书共分为九章, 内容包括: 行列式、矩阵、向量代数、平面与直线、向量组的线性相关性、线性方程组等。 |
| ● |
| 相关链接 |
|
|
|
|
正题名:线性代数与几何
索取号:O151.2/379
 
预约/预借
| 序号 | 登录号 | 条形码 | 馆藏地/架位号 | 状态 | 备注 |
| 1 | 1036301 | 210363015 | 第二样本阅览室/ [索取号:O151.2/379] | 在馆 | |
| 2 | 1036302 | 210363024 | 密集书库-数信学院/ [索取号:O151.2/379] | 在馆 | |
| 3 | 1036303 | 210363033 | 第三借阅区/ [索取号:O151.2/379] | 在馆 | |
| 4 | 1036304 | 210363042 | 第三借阅区/ [索取号:O151.2/379] | 在馆 | |
| 5 | 1036305 | 210363051 | 第三借阅区/ [索取号:O151.2/379] | 在馆 |